Logo CIB grande

Earth: An Introduction To Physical Geology (Registro nro. 236764)

Detalles MARC
000 -LEADER
campo de control de longitud fija 00594nam a2200205Ia 4500
005 - FECHA Y HORA DE LA ÚLTIMA TRANSACCIÓN
campo de control 20250425162813.0
008 - DATOS DE LONGITUD FIJA--INFORMACIÓN GENERAL
campo de control de longitud fija 250425s9999 xx 000 0 und d
020 ## - NÚMERO INTERNACIONAL ESTÁNDAR DEL LIBRO
Número Internacional Estándar del Libro 9780134074252
041 ## - CÓDIGO DE IDIOMA
--
Código de lengua original eng.
082 ## - NÚMERO DE LA CLASIFICACIÓN DECIMAL DEWEY
Número de clasificación 550
Iniciales del Autor TAR
010 ## - NÚMERO DE CONTROL DE LA BIBLIOTECA DEL CONGRESO
Número de control de LC 109318
100 ## - ENTRADA PRINCIPAL--NOMBRE DE PERSONA
Nombre de persona Tarbuck, Edward J.
245 #0 - MENCIÓN DEL TÍTULO
Título Earth: An Introduction To Physical Geology
Mención de responsabilidad, etc. Edward J. Tarbuck.
260 ## - PUBLICACIÓN, DISTRIBUCIÓN, ETC.
Lugar de publicación, distribución, etc. New Jersey
Nombre del editor, distribuidor, etc. PEARSON EDUCACTION
Fecha de publicación, distribución, etc. 2016.
300 ## - DESCRIPCIÓN FÍSICA
Extensión 788 p.
Otras características físicas Ilustrado
Dimensiones 27.7 cm.
500 ## - NOTA GENERAL
Nota general Incluye Tabla de Contenido; Indice
650 ## - PUNTO DE ACCESO ADICIONAL DE MATERIA--TÉRMINO DE MATERIA
Término de materia o nombre geográfico como elemento de entrada Geología Física
700 ## - ENTRADA AGREGADA--NOMBRE PERSONAL
Nombre de persona Lutgens, Frederick K.
942 ## - ELEMENTOS DE ENTRADA SECUNDARIOS (KOHA)
Tipo de ítem Koha Libros
Existencias
Estatus retirado Estado de pérdida Estado de daño No para préstamo Biblioteca de origen Biblioteca actual Fecha de adquisición Coste, precio normal de compra Etiqueta RFID Total de préstamos Código de barras Copia número Tipo de ítem Koha
        CENTRO DE INFORMACIÓN BIBLIOTECARIA CENTRO DE INFORMACIÓN BIBLIOTECARIA 27/08/2020 0.01 0000000000000000035050   80157 1 Libros
        CENTRO DE INFORMACIÓN BIBLIOTECARIA CENTRO DE INFORMACIÓN BIBLIOTECARIA 27/08/2020 0.01 0000000000000000035051   80206 2 Libros
        CENTRO DE INFORMACIÓN BIBLIOTECARIA CENTRO DE INFORMACIÓN BIBLIOTECARIA 27/08/2020 0.01 0000000000000000035052   80207 3 Libros
        CENTRO DE INFORMACIÓN BIBLIOTECARIA CENTRO DE INFORMACIÓN BIBLIOTECARIA 27/08/2020 0.01 0000000000000000035049   80208 4 Libros

Copyright 2025 ESPOL. Todos los derechos reservados.